Scarlet nights (Record no. 114370)

MARC details
000 -LEADER
fixed length control field 00621nam a2200241 i 4500
001 - CONTROL NUMBER
control field C2-0312372
003 - CONTROL NUMBER IDENTIFIER
control field PPAK
005 - DATE AND TIME OF LATEST TRANSACTION
control field 20180728104109.0
008 - FIXED-LENGTH DATA ELEMENTS--GENERAL INFORMATION
fixed length control field 111002s2010 nyu |||| ||||| | eng d
020 ## - INTERNATIONAL STANDARD BOOK NUMBER
International Standard Book Number 9781439107997
040 ## - CATALOGING SOURCE
Original cataloging agency PPAK
Language of cataloging eng
Transcribing agency PPAK
Description conventions rda
082 04 - DEWEY DECIMAL CLASSIFICATION NUMBER
Classification number 823
Edition number 23
090 00 - LOCALLY ASSIGNED LC-TYPE CALL NUMBER (OCLC); LOCAL CALL NUMBER (RLIN)
Classification number (OCLC) (R) ; Classification number, CALL (RLIN) (NR) 823
Feature heading DEV
Feature heading G
100 1# - MAIN ENTRY--PERSONAL NAME
Personal name Deveraux, Jude,
Relator term author
245 10 - TITLE STATEMENT
Title Scarlet nights
264 #1 - PRODUCTION, PUBLICATION, DISTRIBUTION, MANUFACTURE, AND COPYRIGHT NOTICE
Place of production, publication, distribution, manufacture New York :
Name of producer, publisher, distributor, manufacturer Pocket Star Books ,
Date of production, publication, distribution, manufacture, or copyright notice 2010
300 ## - PHYSICAL DESCRIPTION
Extent 458 pages ;
Dimensions 17 cm
336 ## - CONTENT TYPE
Source rdacontent
Content type term text
337 ## - MEDIA TYPE
Source rdamedia
Media type term unmediated
338 ## - CARRIER TYPE
Source rdacarrier
Carrier type term volume
650 10 - SUBJECT ADDED ENTRY--TOPICAL TERM
Topical term or geographic name entry element English fiction
942 ## - ADDED ENTRY ELEMENTS (KOHA)
-- dc
Koha item type Book
Holdings
Withdrawn Not for loan Current library Shelving location Date acquired Total Checkouts Full call number Barcode Date last seen Date last checked out Koha item type Total Renewals
    Perpustakaan Alor Setar Pinjaman Dewasa 05/10/2011 2 823 DEV A01361626 14/01/2020 30/12/2019 Book  
    Perpustakaan Alor Setar Pinjaman Dewasa 05/10/2011 1 823 DEV A01361628 07/04/2022 23/03/2022 Book  
    Perpustakaan Jitra Pinjaman Dewasa 05/10/2011 1 823 DEV A01361630 04/01/2026 14/12/2025 Book  
    Perpustakaan Kulim Pinjaman Dewasa 05/10/2011 1 823 DEV A01361627 23/02/2025 18/01/2025 Book 1